Contemporary nutrition a functional approach

Salvato in:
Dettagli Bibliografici
Autore principale: Wardlaw, Gordon M.
Altri autori: Smith, Anne M. 1963- 1945- 1955-, Collene, Angela
Natura: Libro
Lingua:English
Pubblicazione: New York, NY McGraw-Hill Co. 2013
Edizione:3rd ed.
Serie:Connect, Learn, Succeed
Soggetti:
Tags: Aggiungi Tag
Nessun Tag, puoi essere il primo ad aggiungerne! !
Thư viện lưu trữ: Mạng thư viện Đại học Đà Nẵng
LEADER 01349nam a2200361 4500
001 000023490
003 19942
005 20151214101226.0
008 151214s2013 engsd
020 |a 0078021340 (hard copy : alk. paper)  |a 9780078021343 (hard copy : alk. paper) 
041 0 |a eng 
082 1 4 |a 612.3  |b WA-G 
100 1 |a Wardlaw, Gordon M. 
245 1 0 |a Contemporary nutrition  |b a functional approach  |c Gordon M. Wardlaw, Anne M. Smith, Angela L. Collene 
250 |a 3rd ed. 
260 |a New York, NY  |b McGraw-Hill Co.  |c 2013 
300 |a 1 v. (various paging)  |b ill. (some col.)  |c 28 cm. 
490 |a Connect, Learn, Succeed 
504 |a Includes bibliographical references and index 
650 0 |a Nutrition 
653 |a Dinh dưỡng 
700 1 |a Smith, Anne M.  |d 1963-  |d 1945-  |d 1955-  |q Pamela A.  |q Erminio Peter  |t Understanding evolution 
700 1 |a Collene, Angela 
OWN |a LSP 
AVA |a UDN50  |b LSP  |d 612.3 WA-G  |e available  |t Error 5001 Not defined in file expand_doc_bib_avail.  |f 1  |g 0  |h N  |i 0  |k 1 
999 |a From the UDN01 
AVA |a UDN50  |b LSP  |d 612.3 WA-G  |e available  |t Error 5001 Not defined in file expand_doc_bib_avail.  |f 1  |g 0  |h N  |i 0  |k 1 
TYP |a Monograph 
TYP |a Printed language 
980 |a Mạng thư viện Đại học Đà Nẵng